[Event "Medellin Flores op 20th"]
[Site "Medellin"]
[Date "2014.08.07"]
[Round "2"]
[White "Castro Rojas, Oscar Humberto"]
[Black "Restrepo Loaiza, Luis Fernando"]
[Result "1-0"]
[WhiteElo "2367"]
[BlackElo "2162"]
[PlyCount "39"]
[EventDate "2014.08.06"]
[EventType "swiss"]
[EventRounds "9"]
[EventCountry "COL"]
[SourceTitle "CBM 162 Extra"]
[Source "ChessBase"]
[SourceDate "2014.10.17"]
[SourceVersion "1"]
[SourceVersionDate "2014.10.17"]
[SourceQuality "1"]

1. d4 Nf6 2. Nf3 g6 3. Nc3 d5 4. Bf4 Bg7 5. e3 0-0 6. Be2 b6 7. Ne5 c5 8. Bf3 Bb7 9. h4 Nbd7 10. h5 Rc8 11. Qd3 Ne4 12. hxg6 hxg6 13. Bxe4 dxe4 14. Qe2 cxd4 15. exd4 Nxe5 16. dxe5 Qd4 17. Qg4 Rxc3 18. Rd1 Qc5 19. Qh4 Rc8 20. Qh7+ 1-0

[Event "Medellin Flores op 20th"]
[Site "Medellin"]
[Date "2014.08.07"]
[Round "3"]
[White "Guerrero Sierra, Juan Carlos"]
[Black "Castro Rojas, Oscar Humberto"]
[Result "1-0"]
[WhiteElo "2217"]
[BlackElo "2367"]
[PlyCount "59"]
[EventDate "2014.08.06"]
[EventType "swiss"]
[EventRounds "9"]
[EventCountry "COL"]
[SourceTitle "CBM 162 Extra"]
[Source "ChessBase"]
[SourceDate "2014.10.17"]
[SourceVersion "1"]
[SourceVersionDate "2014.10.17"]
[SourceQuality "1"]

1. e4 e5 2. Nf3 Nc6 3. Bb5 a6 4. Ba4 Nf6 5. 0-0 Be7 6. Re1 0-0 7. h3 b5 8. Bb3 d6 9. a4 Na5 10. Ba2 Be6 11. b4 Bxa2 12. Rxa2 Nc6 13. c3 d5 14. axb5 dxe4 15. bxc6 exf3 16. Qxf3 e4 17. Qe2 Qd5 18. Rxa6 Bd6 19. Na3 Qe5 20. g3 Qf5 21. Rxa8 Rxa8 22. Kg2 h5 23. Nb5 Qd5 24. Nxd6 cxd6 25. b5 e3+ 26. f3 h4 27. c4 Qg5 28. g4 Qe5 29. dxe3 d5 30. c5 1-0

[Event "Medellin Flores op 20th"]
[Site "Medellin"]
[Date "2014.08.06"]
[Round "1"]
[White "Blandon, Luis Guillermo"]
[Black "Castro Rojas, Oscar Humberto"]
[Result "0-1"]
[WhiteElo "2077"]
[BlackElo "2367"]
[PlyCount "88"]
[EventDate "2014.08.06"]
[EventType "swiss"]
[EventRounds "9"]
[EventCountry "COL"]
[SourceTitle "CBM 162 Extra"]
[Source "ChessBase"]
[SourceDate "2014.10.17"]
[SourceVersion "1"]
[SourceVersionDate "2014.10.17"]
[SourceQuality "1"]

1. e4 e5 2. Nf3 Nc6 3. Bb5 a6 4. Ba4 Nf6 5. 0-0 Be7 6. Re1 b5 7. Bb3 0-0 8. h3 Re8 9. d4 d6 10. c3 Bb7 11. Nbd2 Bf8 12. a3 Na5 13. Bc2 c5 14. b4 Nc6 15. d5 Na7 16. Nb3 Bc8 17. Be3 Qc7 18. Qe2 Bd7 19. Rec1 Nc8 20. Nfd2 c4 21. Na5 Ne7 22. Kh2 Ng6 23. g3 Qc8 24. Qf1 Be7 25. f4 Bxh3 26. Qxh3 Ng4+ 27. Kg1 Nxe3 28. f5 Nf8 29. Kf2 Bg5 30. Nf3 Qd8 31. Nxg5 Qxg5 32. Kf3 h5 33. Qh4 Qh6 34. Qh2 Ng4 35. Qe2 g6 36. Rh1 Nh7 37. Rae1 Nhf6 38. fxg6 fxg6 39. Kg2 Ra7 40. a4 Rf7 41. Rhf1 Ref8 42. Kg1 Nh7 43. Nc6 Rxf1+ 44. Rxf1 Qe3+ 0-1

[Event "Antioquia-ch"]
[Site "Bagre Antioquia"]
[Date "2014.05.01"]
[Round "11"]
[White "Castro Rojas, Oscar Humberto"]
[Black "Blandon Villa, Diego F"]
[Result "0-1"]
[WhiteElo "2340"]
[BlackElo "2212"]
[PlyCount "61"]
[EventDate "2014.04.23"]
[EventType "tourn"]
[EventRounds "11"]
[EventCountry "COL"]
[SourceTitle "CBM 160 Extra"]
[Source "ChessBase"]
[SourceDate "2014.07.01"]
[SourceVersion "1"]
[SourceVersionDate "2014.07.01"]
[SourceQuality "1"]

1. d4 Nf6 2. c4 g6 3. Nc3 d5 4. Nf3 Bg7 5. Bg5 Ne4 6. cxd5 Nxg5 7. Nxg5 e6 8. Qd2 exd5 9. Qf4 0-0 10. h4 c5 11. e3 cxd4 12. exd4 Nc6 13. 0-0-0 Bh6 14. Qh2 f6 15. f4 Bg4 16. Rd2 fxg5 17. hxg5 Bg7 18. Qxh7+ Kf7 19. Bd3 Ne7 20. Rh6 Qd6 21. Rxg6 Nxg6 22. f5 Nf4 23. f6 Nxd3+ 24. Rxd3 Qf4+ 25. Kc2 Qxg5 26. fxg7 Rg8 27. Kb3 Rxg7 28. Qh2 Rc8 29. Nb5 Kg8 30. Nxa7 Qc1 31. Ka3 0-1

[Event "Antioquia-ch"]
[Site "Bagre Antioquia"]
[Date "2014.04.30"]
[Round "10"]
[White "Valderrama Quiceno, Esteban Alberto"]
[Black "Castro Rojas, Oscar Humberto"]
[Result "1-0"]
[WhiteElo "2275"]
[BlackElo "2340"]
[PlyCount "75"]
[EventDate "2014.04.23"]
[EventType "tourn"]
[EventRounds "11"]
[EventCountry "COL"]
[SourceTitle "CBM 160 Extra"]
[Source "ChessBase"]
[SourceDate "2014.07.01"]
[SourceVersion "1"]
[SourceVersionDate "2014.07.01"]
[SourceQuality "1"]

1. e4 e5 2. Nf3 Nc6 3. d4 exd4 4. Nxd4 Bc5 5. Be3 Qf6 6. c3 Nge7 7. Bc4 b6 8. 0-0 Bb7 9. f4 0-0 10. Qd2 Qh4 11. b4 Bxd4 12. cxd4 d5 13. exd5 Nb8 14. f5 Nxd5 15. Bg5 Qe4 16. f6 Nxf6 17. Bxf6 gxf6 18. Rxf6 Nd7 19. Nc3 Qe7 20. Rf2 Qxb4 21. Bd3 f6 22. a3 Qe7 23. Re1 Qd6 24. Nb5 Qd5 25. Nxc7 Qf7 26. Nxa8 Bxa8 27. Rfe2 Qd5 28. Be4 Qd6 29. Bxa8 Rxa8 30. Re6 Qd5 31. Re7 Nf8 32. Qf2 Qg5 33. h4 Qg6 34. R1e3 Qh6 35. Qa2+ Kh8 36. Qf7 Rc8 37. g3 Rc7 38. Kg2 1-0

[Event "COL-ch sf"]
[Site "Medellin"]
[Date "2014.??.??"]
[Round "7"]
[White "Castro Rojas, Oscar Humberto"]
[Black "Ruiz Castillo, Joshua Daniel"]
[Result "1-0"]
[WhiteElo "2340"]
[BlackElo "2366"]
[PlyCount "71"]
[EventDate "2014.04.15"]
[EventType "swiss"]
[EventRounds "11"]
[EventCountry "COL"]
[SourceTitle "CBM 160 Extra"]
[Source "ChessBase"]
[SourceDate "2014.07.01"]
[SourceVersion "1"]
[SourceVersionDate "2014.07.01"]
[SourceQuality "1"]

1. Nf3 c5 2. b3 Nc6 3. Bb2 d5 4. e3 a6 5. c4 e6 6. Be2 d4 7. exd4 cxd4 8. d3 e5 9. 0-0 Bd6 10. Re1 Nge7 11. Bf1 0-0 12. c5 Bc7 13. Nbd2 Ng6 14. a3 Bg4 15. b4 Qd7 16. Qb3 Be6 17. Qd1 Rae8 18. g3 h6 19. Bg2 Kh7 20. Qc2 Re7 21. Rad1 Kh8 22. Nc4 Bg4 23. Qb3 f5 24. a4 e4 25. dxe4 fxe4 26. Nxd4 Bxd1 27. Rxd1 Nxd4 28. Rxd4 Qf5 29. Qe3 Be5 30. Nxe5 Nxe5 31. Rxe4 Ng4 32. Qf4 Qxf4 33. gxf4 Rd7 34. Bf3 Nf6 35. Re6 Kg8 36. Be5 1-0

[Event "COL-ch sf"]
[Site "Medellin"]
[Date "2014.??.??"]
[Round "9"]
[White "Castro Rojas, Oscar Humberto"]
[Black "Valderrama Quiceno, Esteban Alberto"]
[Result "1/2-1/2"]
[WhiteElo "2340"]
[BlackElo "2275"]
[PlyCount "84"]
[EventDate "2014.04.15"]
[EventType "swiss"]
[EventRounds "11"]
[EventCountry "COL"]
[SourceTitle "CBM 160 Extra"]
[Source "ChessBase"]
[SourceDate "2014.07.01"]
[SourceVersion "1"]
[SourceVersionDate "2014.07.01"]
[SourceQuality "1"]

1. Nf3 Nf6 2. c4 e6 3. Nc3 d5 4. d4 Be7 5. Bf4 0-0 6. e3 dxc4 7. Bxc4 a6 8. 0-0 b5 9. Be2 Bb7 10. a4 b4 11. Nb1 Nbd7 12. Nbd2 c5 13. Nb3 Rc8 14. Rc1 Qb6 15. a5 Qa7 16. Nxc5 Nxc5 17. dxc5 Rxc5 18. Qa4 Rfc8 19. Ra1 Nd5 20. Bg3 Bc6 21. Qb3 Bb5 22. Bxb5 Rxb5 23. Rfd1 Qb7 24. e4 Nf6 25. Nd4 Rbc5 26. Re1 Rc4 27. Qd3 Nh5 28. Rad1 Nxg3 29. hxg3 R4c5 30. Nb3 Rc2 31. Re2 Rxe2 32. Qxe2 g6 33. g4 Bf6 34. g3 Qc6 35. e5 Be7 36. Rc1 Qb7 37. Rxc8+ Qxc8 38. Qe4 Kg7 39. Kf1 Qd7 40. Ke2 Qb5+ 41. Kd2 Bd8 42. Qe3 Qd5+ 1/2-1/2

[Event "COL-ch sf"]
[Site "Medellin"]
[Date "2014.??.??"]
[Round "4"]
[White "Dominguez, Ramiro"]
[Black "Castro Rojas, Oscar Humberto"]
[Result "0-1"]
[WhiteElo "2203"]
[BlackElo "2340"]
[PlyCount "92"]
[EventDate "2014.04.15"]
[EventType "swiss"]
[EventRounds "11"]
[EventCountry "COL"]
[SourceTitle "CBM 160 Extra"]
[Source "ChessBase"]
[SourceDate "2014.07.01"]
[SourceVersion "1"]
[SourceVersionDate "2014.07.01"]
[SourceQuality "1"]

1. e4 e5 2. Nf3 Nc6 3. Bb5 a6 4. Ba4 Nf6 5. 0-0 Be7 6. Re1 b5 7. Bb3 0-0 8. h3 d6 9. c3 Bb7 10. d3 Nb8 11. Nbd2 Nbd7 12. Nf1 Nc5 13. Bc2 Ne6 14. Ng3 g6 15. Bh6 Ng7 16. d4 Nd7 17. a4 c5 18. Qe2 Qb6 19. Be3 Qc6 20. d5 Qb6 21. b4 Rfb8 22. Reb1 Ne8 23. c4 Qc7 24. bxc5 Nxc5 25. axb5 axb5 26. cxb5 Rxa1 27. Rxa1 Bc8 28. Rb1 Nf6 29. Nd2 Bd7 30. Qc4 Qa5 31. Bxc5 dxc5 32. Qe2 Rxb5 33. Nc4 Qc3 34. Rd1 Rb4 35. Bd3 Bb5 36. d6 Bd8 37. Na3 Ba4 38. Bc2 Qxa3 39. Qa6 Qa2 40. Qa8 Qxc2 41. Qxd8+ Kg7 42. Re1 Rb2 43. Rf1 Bb5 44. d7 Bxd7 45. h4 h5 46. Qe7 Be6 0-1

[Event "Bogota University op 7th"]
[Site "Bogota"]
[Date "2013.10.13"]
[Round "8"]
[White "Almeida Quintana, Omar"]
[Black "Castro Rojas, Oscar Humberto"]
[Result "1-0"]
[WhiteElo "2472"]
[BlackElo "2343"]
[PlyCount "107"]
[EventDate "2013.10.10"]
[EventType "swiss"]
[EventRounds "9"]
[EventCountry "COL"]
[SourceTitle "CBM 156 Extra"]
[Source "ChessBase"]
[SourceDate "2013.10.22"]
[SourceVersion "1"]
[SourceVersionDate "2013.10.22"]
[SourceQuality "1"]

1. d4 d5 2. Nf3 Nc6 3. c4 Bg4 4. Nc3 e6 5. cxd5 exd5 6. Bf4 Bd6 7. Bg3 Nge7 8. e3 0-0 9. Be2 Nf5 10. Qb3 Nce7 11. 0-0 Rb8 12. Na4 b6 13. Rac1 Bxg3 14. hxg3 Qd6 15. Qc2 Bxf3 16. Bxf3 c6 17. a3 a5 18. Rfd1 g6 19. Rd3 h5 20. Rb1 Rfd8 21. b4 b5 22. Nc5 a4 23. Rbd1 Qf6 24. e4 dxe4 25. Nxe4 Qg7 26. Qd2 Nd6 27. Nc5 Nc4 28. Qc1 Nd5 29. Nxa4 Nxa3 30. Bxd5 cxd5 31. Rxa3 bxa4 32. Rxa4 Rbc8 33. Qg5 Rd7 34. b5 Rb8 35. Rb1 Qf8 36. Ra6 Qe8 37. Kh2 Qe4 38. Qf4 Rdb7 39. Qxe4 dxe4 40. b6 Kg7 41. Rb5 Kf6 42. g4 hxg4 43. Kg3 Ke6 44. Kxg4 Kd6 45. Kf4 Re8 46. Ra7 Kc6 47. d5+ Kxb5 48. Rxb7 f5 49. d6 Re6 50. d7 Rd6 51. Ke5 Rd3 52. Ke6 e3 53. fxe3 Rxe3+ 54. Kd6 1-0

[Event "Bogota University op 7th"]
[Site "Bogota"]
[Date "2013.10.13"]
[Round "7"]
[White "Castro Rojas, Oscar Humberto"]
[Black "Orozco Lopez, Lina Yomayra"]
[Result "1-0"]
[WhiteElo "2343"]
[BlackElo "2123"]
[PlyCount "43"]
[EventDate "2013.10.10"]
[EventType "swiss"]
[EventRounds "9"]
[EventCountry "COL"]
[SourceTitle "CBM 156 Extra"]
[Source "ChessBase"]
[SourceDate "2013.10.22"]
[SourceVersion "1"]
[SourceVersionDate "2013.10.22"]
[SourceQuality "1"]

1. e4 c5 2. Nc3 a6 3. g3 b5 4. a4 b4 5. Nd5 e6 6. Ne3 Bb7 7. Bg2 Nf6 8. d3 Nc6 9. Ne2 d5 10. exd5 exd5 11. 0-0 Be7 12. Nf4 Nd4 13. c4 bxc3 14. bxc3 Ne6 15. Rb1 Nxf4 16. Rxb7 Nxg2 17. Nf5 Ne3 18. Bxe3 Bf8 19. Re1 Qc8 20. Qb3 Qxf5 21. Bxc5+ Ne4 22. dxe4 1-0

[Event "Bogota University op 7th"]
[Site "Bogota"]
[Date "2013.10.12"]
[Round "5"]
[White "Castro Rojas, Oscar Humberto"]
[Black "Manrique, Fernando"]
[Result "1-0"]
[WhiteElo "2343"]
[BlackElo "1967"]
[PlyCount "48"]
[EventDate "2013.10.10"]
[EventType "swiss"]
[EventRounds "9"]
[EventCountry "COL"]
[SourceTitle "CBM 156 Extra"]
[Source "ChessBase"]
[SourceDate "2013.10.22"]
[SourceVersion "1"]
[SourceVersionDate "2013.10.22"]
[SourceQuality "1"]

1. d4 d5 2. c4 dxc4 3. e4 e5 4. Nf3 exd4 5. Bxc4 Bb4+ 6. Nbd2 Nc6 7. 0-0 Bg4 8. Qb3 Qd7 9. Ng5 Bh5 10. e5 Qe7 11. e6 Nh6 12. exf7+ Nxf7 13. Ne6 Nd6 14. Re1 Kd7 15. a3 Nxc4 16. axb4 N4e5 17. Nc5+ Kc8 18. f4 b6 19. fxe5 bxc5 20. Qh3+ Kb7 21. Qxh5 Nxb4 22. Qf3+ c6 23. Qf5 Rhf8 24. Qh3 Kc7 1-0

[Event "Bogota University op 7th"]
[Site "Bogota"]
[Date "2013.10.12"]
[Round "6"]
[White "Martinez Zuluaica, Julian"]
[Black "Castro Rojas, Oscar Humberto"]
[Result "0-1"]
[WhiteElo "2189"]
[BlackElo "2343"]
[PlyCount "194"]
[EventDate "2013.10.10"]
[EventType "swiss"]
[EventRounds "9"]
[EventCountry "COL"]
[SourceTitle "CBM 156 Extra"]
[Source "ChessBase"]
[SourceDate "2013.10.22"]
[SourceVersion "1"]
[SourceVersionDate "2013.10.22"]
[SourceQuality "1"]

1. e4 e5 2. Nf3 Nc6 3. Bb5 a6 4. Ba4 Nf6 5. 0-0 Be7 6. Re1 b5 7. Bb3 0-0 8. a4 b4 9. d3 d6 10. a5 Be6 11. Nbd2 Qc8 12. Nc4 h6 13. Ba4 Qb7 14. Bxc6 Qxc6 15. Ne3 Rfe8 16. Bd2 Qb5 17. Qe2 Nd7 18. d4 Qxe2 19. Rxe2 exd4 20. Nxd4 Bf6 21. Nc6 b3 22. Bc3 Bxc3 23. bxc3 Nc5 24. cxb3 Bxb3 25. f3 d5 26. exd5 Bxd5 27. Nd4 Be6 28. Rb2 Rad8 29. Nec2 Bc4 30. Rb4 Bd3 31. Ne1 Rd5 32. Nc6 Rd6 33. Nxd3 Nxd3 34. Rc4 Nb2 35. Rc5 Nd1 36. h4 Rd2 37. Nd4 Rb8 38. Ne2 Rxe2 39. Rxd1 Rbb2 40. g4 Rg2+ 41. Kh1 Rgf2 42. Rxc7 Rxf3 43. Rc4 Rh3+ 44. Kg1 Rxh4 45. Rd6 Rhh2 46. Rxa6 Rhg2+ 47. Kf1 Rh2 48. Kg1 Rbg2+ 49. Kf1 Ra2 50. Kg1 Rhc2 51. Rf4 f6 52. Rc6 Rxa5 53. Rf2 Rc1+ 54. Kg2 Rg5 55. Kf3 Rg1 56. Rc4 Kh7 57. Rd4 Rc1 58. Rc4 Kg6 59. Ke3 Re5+ 60. Kd3 Kg5 61. Rff4 Rg1 62. Rcd4 Rg3+ 63. Kd2 Ra5 64. Kc2 Rc5 65. c4 Ra5 66. Kb2 Re5 67. Rf2 g6 68. Rd6 Rxg4 69. Rfxf6 Kh5 70. Rd5 Rxd5 71. cxd5 Rd4 72. Rd6 Kg5 73. Kc3 Rd1 74. Kc2 Ra1 75. Kc3 h5 76. Rd8 h4 77. d6 Rd1 78. Kc4 h3 79. d7 h2 80. Rh8 Rxd7 81. Rxh2 Kf4 82. Rf2+ Kg3 83. Rf1 g5 84. Rg1+ Kf4 85. Rf1+ Ke4 86. Rg1 Rc7+ 87. Kb3 Rg7 88. Kc2 g4 89. Kd2 Kf3 90. Rf1+ Kg2 91. Rf8 Re7 92. Rh8 g3 93. Rh6 Kf2 94. Rf6+ Kg1 95. Rh6 g2 96. Rh8 Re5 97. Rh7 Kf2 0-1

[Event "Bogota University op 7th"]
[Site "Bogota"]
[Date "2013.10.10"]
[Round "2"]
[White "Martinez Duany, Lelys Stanley"]
[Black "Castro Rojas, Oscar Humberto"]
[Result "1-0"]
[WhiteElo "2473"]
[BlackElo "2343"]
[PlyCount "166"]
[EventDate "2013.10.10"]
[EventType "swiss"]
[EventRounds "9"]
[EventCountry "COL"]
[SourceTitle "CBM 156 Extra"]
[Source "ChessBase"]
[SourceDate "2013.10.22"]
[SourceVersion "1"]
[SourceVersionDate "2013.10.22"]
[SourceQuality "1"]

1. d4 f5 2. g3 Nf6 3. Bg2 e6 4. c4 d5 5. Nh3 c6 6. 0-0 Bd6 7. Bf4 0-0 8. Nc3 b6 9. Rc1 Bb7 10. Qc2 Na6 11. Ng5 Qe7 12. Bxd6 Qxd6 13. cxd5 cxd5 14. Nb5 Qd7 15. Qb3 Bc6 16. a4 Rac8 17. Rc3 Ne4 18. Nxe4 fxe4 19. Rfc1 Nb8 20. Bh3 Kh8 21. Qc2 a6 22. Na3 Bb7 23. Qb3 Rxc3 24. Rxc3 Qd8 25. f4 exf3 26. Rxf3 Rxf3 27. Qxf3 Nc6 28. Nc2 Qe7 29. Qe3 Bc8 30. Ne1 Qf6 31. Nf3 h6 32. Bg4 g5 33. Kg2 a5 34. Qa3 Qd8 35. Qc3 Qe8 36. Bh5 Qd7 37. Qc2 e5 38. Qg6 Qe6 39. dxe5 Qxg6 40. Bxg6 g4 41. Nd2 Nxe5 42. Bc2 Kg7 43. Kf2 d4 44. e3 d3 45. Bb1 Bd7 46. b3 Be6 47. e4 Nf3 48. Nxf3 gxf3 49. Bxd3 Bxb3 50. Bb5 Bd1 51. e5 Kf7 52. Bd7 Ke7 53. e6 Be2 54. g4 b5 55. axb5 a4 56. b6 a3 57. b7 a2 58. b8Q a1Q 59. Qb4+ Kd8 60. Qb6+ Ke7 61. Qc5+ Kd8 62. Bc6 Qf1+ 63. Kg3 Qe1+ 64. Kf4 Qd2+ 65. Ke4 Bd3+ 66. Kxf3 Qe2+ 67. Kg3 Qxe6 68. Qd4+ Ke7 69. Qxd3 Qxc6 70. Qe3+ Kd7 71. Kh4 Qg6 72. Qe5 Kc6 73. h3 Qf7 74. Qc3+ Kb5 75. Qd3+ Kc6 76. Qa6+ Kd7 77. Qxh6 Qe7+ 78. Kh5 Qe5+ 79. Kg6 Qe4+ 80. Kg7 Qd3 81. Qh7 Qc3+ 82. Kh6+ Ke6 83. h4 Qd4 1-0

[Event "Dosquebrad op"]
[Site "Dosquebrad"]
[Date "2013.06.21"]
[Round "4"]
[White "Zabala, Fidel"]
[Black "Castro Rojas, Oscar Humberto"]
[Result "1/2-1/2"]
[WhiteElo "1990"]
[BlackElo "2349"]
[PlyCount "65"]
[EventDate "2013.06.19"]
[EventType "swiss"]
[EventRounds "7"]
[EventCountry "COL"]
[SourceTitle "CBM 155 Extra"]
[Source "ChessBase"]
[SourceDate "2013.08.26"]
[SourceVersion "1"]
[SourceVersionDate "2013.08.26"]
[SourceQuality "1"]

1. e4 e5 2. Nf3 Nc6 3. Bb5 a6 4. Ba4 Nf6 5. 0-0 Be7 6. Re1 b5 7. Bb3 0-0 8. c3 d5 9. exd5 Nxd5 10. Nxe5 Nxe5 11. Rxe5 c6 12. d4 Bd6 13. Re1 Qh4 14. g3 Qh3 15. Be3 Bg4 16. Qd3 Rae8 17. Nd2 Re6 18. Qf1 Qh5 19. Qg2 Rfe8 20. Bxd5 cxd5 21. f3 Bh3 22. Qf2 Qg6 23. Nb3 h5 24. Bd2 Qc2 25. Rxe6 Rxe6 26. Be3 Qd3 27. Re1 h4 28. Nc5 hxg3 29. Nxd3 gxf2+ 30. Kxf2 a5 31. Bf4 Bf5 32. Rxe6 fxe6 33. Bxd6 1/2-1/2

[Event "Dosquebrad op"]
[Site "Dosquebrad"]
[Date "2013.06.20"]
[Round "3"]
[White "Castro Rojas, Oscar Humberto"]
[Black "Franco Valencia, Angela Maria"]
[Result "0-1"]
[WhiteElo "2349"]
[BlackElo "2165"]
[PlyCount "60"]
[EventDate "2013.06.19"]
[EventType "swiss"]
[EventRounds "7"]
[EventCountry "COL"]
[SourceTitle "CBM 155 Extra"]
[Source "ChessBase"]
[SourceDate "2013.08.26"]
[SourceVersion "1"]
[SourceVersionDate "2013.08.26"]
[SourceQuality "1"]

1. c4 e5 2. Nc3 Nf6 3. g3 d5 4. cxd5 Nxd5 5. Bg2 Nb6 6. Nf3 Nc6 7. 0-0 Be7 8. d3 0-0 9. a3 Bg4 10. b4 a6 11. Ne4 Nd7 12. h3 Bh5 13. g4 Bg6 14. Ng3 Nb6 15. e4 Qd7 16. Qc2 f6 17. Be3 a5 18. b5 Nd4 19. Bxd4 exd4 20. a4 Rac8 21. Ne2 c5 22. bxc6 Rxc6 23. Qb3+ Bf7 24. Qb5 Bb4 25. e5 Qc7 26. Rfc1 Be8 27. Rxc6 bxc6 28. Rc1 cxb5 29. Rxc7 bxa4 30. Nexd4 fxe5 0-1

[Event "Latin Cup-A 3rd"]
[Site "Cali"]
[Date "2012.10.07"]
[Round "7"]
[White "Contreras, Henry"]
[Black "Castro Rojas, Oscar Humberto"]
[Result "1-0"]
[WhiteElo "2220"]
[BlackElo "2359"]
[PlyCount "67"]
[EventDate "2012.10.04"]
[EventType "swiss"]
[EventRounds "9"]
[EventCountry "COL"]
[SourceTitle "CBM 150 Extra"]
[Source "ChessBase"]
[SourceDate "2012.10.19"]
[SourceVersion "1"]
[SourceVersionDate "2012.10.19"]
[SourceQuality "1"]

1. e4 e5 2. Nf3 Nc6 3. d4 exd4 4. Nxd4 Nf6 5. Nxc6 bxc6 6. e5 Qe7 7. Qe2 Nd5 8. c4 Ba6 9. b3 g5 10. g3 Bg7 11. Bb2 0-0 12. h4 Rae8 13. hxg5 Qxg5 14. Rh5 Qg6 15. Qf3 Nb4 16. Rf5 d5 17. Na3 Bc8 18. g4 h5 19. Bh3 hxg4 20. Bxg4 Bxf5 21. Bxf5 Qg5 22. Qh3 Bh6 23. Kf1 Qg7 24. Re1 Re6 25. Bxe6 fxe6 26. Qxe6+ Kh7 27. Qh3 Qg6 28. Re3 Nc2 29. Rg3 Qf7 30. Qh2 Qf4 31. Nxc2 Qd2 32. e6 Rg8 33. Rxg8 Kxg8 34. Ne1 1-0

[Event "San Cristobal Bolivar op 1st"]
[Site "San Cristobal"]
[Date "2012.09.30"]
[Round "10"]
[White "Kovalyov, Anton"]
[Black "Castro Rojas, Oscar Humberto"]
[Result "1-0"]
[WhiteElo "2598"]
[BlackElo "2359"]
[PlyCount "79"]
[EventDate "2012.09.25"]
[EventType "swiss"]
[EventRounds "10"]
[EventCountry "VEN"]
[SourceTitle "EXT 2013"]
[Source "ChessBase"]
[SourceDate "2012.11.22"]
[SourceVersion "1"]
[SourceVersionDate "2012.11.22"]
[SourceQuality "1"]

1. c4 e5 2. Nc3 Nc6 3. g3 g6 4. Bg2 Bg7 5. e3 Nge7 6. Nge2 d6 7. d3 0-0 8. 0-0 Be6 9. Nd5 Qd7 10. b3 Rae8 11. Ba3 Nd8 12. Rc1 c6 13. Nxe7+ Rxe7 14. d4 e4 15. d5 Bg4 16. c5 Re5 17. dxc6 Nxc6 18. Bb2 Rxc5 19. Bxg7 Rxc1 20. Qxc1 Bxe2 21. Bxf8 Bxf1 22. Kxf1 Kxf8 23. Bxe4 Ke7 24. Qd2 Qe6 25. Bxc6 bxc6 26. Qd4 c5 27. Qa4 Qd5 28. Qxa7+ Ke6 29. Qa4 Qh1+ 30. Ke2 Qxh2 31. Qe4+ Kd7 32. a4 Qh5+ 33. g4 Qg5 34. a5 d5 35. Qa4+ Kd6 36. a6 d4 37. a7 Qxg4+ 38. Kd2 dxe3+ 39. Kxe3 Qe6+ 40. Qe4 1-0

[Event "Medellin IRT op"]
[Site "Medellin"]
[Date "2012.08.07"]
[Round "8"]
[White "Castro Rojas, Oscar Humberto"]
[Black "Morales, Jhon Alexander"]
[Result "0-1"]
[WhiteElo "2375"]
[BlackElo "2312"]
[PlyCount "104"]
[EventDate "2012.08.03"]
[EventType "swiss"]
[EventRounds "9"]
[EventCountry "COL"]
[SourceTitle "CBM 149 Extra"]
[Source "ChessBase"]
[SourceDate "2012.08.24"]
[SourceVersion "1"]
[SourceVersionDate "2012.08.24"]
[SourceQuality "1"]

1. c4 c5 2. Nf3 Nf6 3. g3 b6 4. Bg2 Bb7 5. 0-0 e6 6. d4 cxd4 7. Qxd4 d6 8. Bg5 Nbd7 9. Nc3 a6 10. Rad1 Be7 11. e4 Qc7 12. Rfe1 Rd8 13. b3 0-0 14. Bc1 Rfe8 15. Qe3 Bf8 16. Bb2 Rc8 17. h3 Qb8 18. Nd4 g6 19. Qe2 Bg7 20. Qd2 Rcd8 21. a3 Ba8 22. Qc2 Rc8 23. Qb1 Nc5 24. Ba1 Bb7 25. Rc1 Ncd7 26. Qa2 Ne5 27. Qb1 Nc6 28. Nxc6 Bxc6 29. a4 Ba8 30. Ne2 a5 31. Rcd1 Nd7 32. Bxg7 Kxg7 33. Nd4 Nc5 34. b4 axb4 35. Qxb4 Red8 36. h4 e5 37. Nb5 Bc6 38. Bh3 Bxb5 39. cxb5 Rc7 40. a5 bxa5 41. Qxa5 Ra7 42. Qb4 Ra4 43. Qb1 Qb6 44. Rd2 Rb8 45. Bf1 Ne6 46. Qb3 Rba8 47. Qd5 Nd4 48. Kg2 Rc8 49. Ra2 Rxa2 50. Qxa2 Rc2 51. Qb1 Qa5 52. Qd1 Qa2 0-1

[Event "Medellin IRT op"]
[Site "Medellin"]
[Date "2012.08.05"]
[Round "4"]
[White "Castro Rojas, Oscar Humberto"]
[Black "Martinez Zuluaica, Julian"]
[Result "1-0"]
[WhiteElo "2375"]
[BlackElo "2166"]
[PlyCount "69"]
[EventDate "2012.08.03"]
[EventType "swiss"]
[EventRounds "9"]
[EventCountry "COL"]
[SourceTitle "CBM 149 Extra"]
[Source "ChessBase"]
[SourceDate "2012.08.24"]
[SourceVersion "1"]
[SourceVersionDate "2012.08.24"]
[SourceQuality "1"]

1. d4 Nf6 2. c4 e6 3. Nc3 d5 4. Bg5 Be7 5. e3 c6 6. Nf3 0-0 7. Qc2 h6 8. Bf4 Nbd7 9. g4 Re8 10. g5 hxg5 11. Nxg5 Nf8 12. h4 dxc4 13. Bxc4 Nd5 14. 0-0-0 Qa5 15. Kb1 b5 16. Nxd5 cxd5 17. Bd3 f5 18. h5 Bxg5 19. Bxg5 Ba6 20. Qe2 Rac8 21. Rdg1 Kh7 22. f3 Qc7 23. Bf4 Qb7 24. Be5 Re7 25. e4 Rf7 26. Rg6 Kg8 27. exf5 exf5 28. a4 Rc4 29. Qg2 bxa4 30. Bxc4 Bxc4 31. Rg1 Nxg6 32. hxg6 Rf6 33. Bxf6 Qb3 34. Qh2 Qa2+ 35. Kc1 1-0

[Event "Cartagena IRT op 4th"]
[Site "Cartagena"]
[Date "2012.06.17"]
[Round "7"]
[White "Castro Rojas, Oscar Humberto"]
[Black "Lopez Hernandez, Carlos Manuel"]
[Result "0-1"]
[WhiteElo "2370"]
[BlackElo "2302"]
[PlyCount "56"]
[EventDate "2012.06.14"]
[EventType "swiss"]
[EventRounds "9"]
[EventCountry "COL"]
[SourceTitle "CBM 148 Extra"]
[Source "ChessBase"]
[SourceDate "2012.06.22"]
[SourceVersion "1"]
[SourceVersionDate "2012.06.22"]
[SourceQuality "1"]

1. e4 c5 2. g3 d5 3. exd5 Qxd5 4. Qf3 Qd8 5. Bg2 Nf6 6. Ne2 e6 7. 0-0 Nc6 8. b3 Be7 9. Na3 0-0 10. Nc4 e5 11. Ne3 e4 12. Qf4 Bd6 13. Qh4 Ne5 14. Bxe4 Nxe4 15. Qxe4 Bd7 16. Nf4 Bc6 17. Nfd5 f5 18. Qg2 f4 19. gxf4 Ng6 20. Bb2 Rxf4 21. c4 Qd7 22. f3 Rh4 23. Ng4 Bxd5 24. cxd5 Rf8 25. d4 Nf4 26. Qd2 Qf5 27. dxc5 Rxg4+ 28. fxg4 Bxc5+ 0-1

[Event "Cartagena IRT op 4th"]
[Site "Cartagena"]
[Date "2012.06.14"]
[Round "1"]
[White "Castro Rojas, Oscar Humberto"]
[Black "Manotas, S Franklin"]
[Result "1-0"]
[WhiteElo "2370"]
[BlackElo "1956"]
[PlyCount "43"]
[EventDate "2012.06.14"]
[EventType "swiss"]
[EventRounds "9"]
[EventCountry "COL"]
[SourceTitle "CBM 148 Extra"]
[Source "ChessBase"]
[SourceDate "2012.06.22"]
[SourceVersion "1"]
[SourceVersionDate "2012.06.22"]
[SourceQuality "1"]

1. Nf3 d5 2. c4 e6 3. d4 f5 4. Nc3 c6 5. Bf4 Nf6 6. e3 Bd6 7. Bd3 Qe7 8. Qc2 g6 9. 0-0-0 Nbd7 10. Kb1 Bxf4 11. exf4 Ne4 12. h4 h5 13. Ng5 Nxg5 14. hxg5 0-0 15. f3 Qd6 16. g4 Qxf4 17. cxd5 cxd5 18. gxh5 Kg7 19. hxg6 Rg8 20. Ne2 Qd6 21. Rh7+ Kf8 22. Bxf5 1-0